Pohjoisen napapiirin valtiot kartalla - Statistics

Yleistilastot
  • Tätä visaa on pelattu 2 791 kertaa
  • Keskiarvotulos 6 / 7
Vastaukset kartalla
Vastauksille on annettu kartalla punavihreä väri sen mukaan, kuinka moni on saanut sen oikein.
 
Vastaustilastot
Vastaus % Oikein
Suomi
93%
Norja
91%
Kanada
90%
Ruotsi
90%
Tanska
89%
Venäjä
89%
Yhdysvallat
80%
Ehtoja vastaavia visoja ei löytynyt
Tulosjakauma
Jokaisen tuloksen saaneiden osuus
Persentiili vastausten määrän mukaan
Tuloshistoriasi
Et ole pelannut tätä visaa